| 000 | 01188nam a2200289Ia 4500 | ||
|---|---|---|---|
| 999 |
_c53680 _d53680 |
||
| 001 | 20727 | ||
| 003 | GE_BSU | ||
| 005 | 20210316192015.0 | ||
| 008 | 181216s||||||||xx |||||||||||||| ||und|| | ||
| 020 | _a9780230252615 | ||
| 040 | _cGE_BSU | ||
| 041 | _aeng | ||
| 080 | _a327.2 T-29 | ||
| 100 |
_aTekin, Ali. _910489 |
||
| 245 |
_aGeo-Politics of the Euro-Asia Energy Nexus : _bThe European Union, Russia and Turkey / _cAli Tekin, Paul Andrew Williams. |
||
| 264 |
_aNew York : _bPalgrave Macmillan, _c2011. |
||
| 300 |
_a230 p. ; _c22 cm. |
||
| 541 | _h111 Gel. | ||
| 653 | _aGeo-Politics of the Euro-Asia Energy Nexus | ||
| 653 | _aThe European Union, Russia and Turkey | ||
| 653 | _aГеополитика Евроазиатского энергетического взаимодействия | ||
| 653 | _a Европейский Союз, Россия и Турция | ||
| 653 | _aევრო-აზიის ენერგეტიკული Nexus- ის გეოპოლიტიკა | ||
| 653 | _aევროკავშირი, რუსეთი და თურქეთი | ||
| 700 |
_a Williams, Paul Andrew _eBy _910490 |
||
| 942 |
_cBK _2udc |
||